00361nam a22001577a 4500003000400000005001700004008004100021020001500062040000700077082001200084100001500096245005700111250000800168260001900176300000800195OSt20211228092441.0211228b |||||||| |||| 00| 0 eng d a076370296X cHU a005.131 aLinz Peter aIn Introduction To Formal Languages And And Automata a2ed aLondonbLondon f377